[Event "Budapest FS04 FM"]
[Site "Budapest"]
[Date "2015.04.13"]
[Round "9"]
[White "Zvereva, Margarita"]
[Black "Dzhagraeva, Anaid"]
[Result "1-0"]
[WhiteElo "1634"]
[BlackElo "1553"]
[PlyCount "69"]
[EventDate "2015.04.04"]
[EventType "tourn"]
[EventRounds "9"]
[EventCountry "HUN"]
[SourceTitle "CBM 165 Extra"]
[Source "ChessBase"]
[SourceDate "2015.04.21"]
[SourceVersion "1"]
[SourceVersionDate "2015.04.21"]
[SourceQuality "1"]

1. e4 c6 2. d4 d5 3. e5 Bf5 4. Nf3 e6 5. Be2 c5 6. Be3 Qb6 7. Nc3 c4 8. 0-0 Ne7 9. b3 cxb3 10. axb3 a6 11. h3 Nec6 12. Bd3 Bxd3 13. Qxd3 Bb4 14. Na4 Qc7 15. c3 Be7 16. Bg5 b5 17. Bxe7 Nxe7 18. Nc5 Qb6 19. b4 Nd7 20. Nxd7 Kxd7 21. Ng5 Ke8 22. Nxh7 Ng6 23. Ng5 Rh5 24. Nf3 Nf4 25. Qe3 Ng6 26. Ra3 a5 27. bxa5 Rxa5 28. Rfa1 Rxa3 29. Rxa3 Qd8 30. Qe2 Qd7 31. Ra8+ Ke7 32. Qa2 Qc6 33. Qa7+ Qd7 34. Qc5+ Qd6 35. Qxd6# 1-0

[Event "Budapest FS04 FM"]
[Site "Budapest"]
[Date "2015.04.10"]
[Round "6"]
[White "Dzhagraeva, Anaid"]
[Black "Steer, Jozsef"]
[Result "0-1"]
[WhiteElo "1553"]
[BlackElo "1810"]
[PlyCount "98"]
[EventDate "2015.04.04"]
[EventType "tourn"]
[EventRounds "9"]
[EventCountry "HUN"]
[SourceTitle "CBM 165 Extra"]
[Source "ChessBase"]
[SourceDate "2015.04.21"]
[SourceVersion "1"]
[SourceVersionDate "2015.04.21"]
[SourceQuality "1"]

1. c4 c6 2. d4 d5 3. cxd5 cxd5 4. Nc3 Nf6 5. Bf4 a6 6. Nf3 Qb6 7. Rb1 Bf5 8. Na4 Qa7 9. Rc1 Nc6 10. a3 e6 11. e3 Be7 12. Be2 0-0 13. 0-0 Rac8 14. Nh4 Bg6 15. Nf3 Ne4 16. Nc3 b5 17. Nxe4 Bxe4 18. b4 Bxf3 19. Bxf3 a5 20. Be2 Qb6 21. bxa5 Nxa5 22. Rb1 Nc4 23. a4 b4 24. Bd3 f5 25. Bxc4 dxc4 26. Be5 Bd6 27. Bxd6 Qxd6 28. Qc2 b3 29. Qc3 Qd5 30. Rb2 Ra8 31. Ra1 Rfc8 32. a5 Qb5 33. f4 Rab8 34. Rc1 Qb4 35. Kf1 Qb7 36. Kf2 Qd5 37. Ra1 Qb5 38. Rc1 Ra8 39. Ra1 Rc6 40. Qc2 Rca6 41. Qc3 Rxa5 42. Rxa5 Rxa5 43. h4 h6 44. Ke1 Ra1+ 45. Kd2 Rg1 46. Ke2 Rxg2+ 47. Kf1 Rxb2 48. Qxb2 c3+ 49. Kf2 cxb2 0-1

[Event "Budapest FS04 FM"]
[Site "Budapest"]
[Date "2015.04.06"]
[Round "3"]
[White "Dzhagraeva, Anaid"]
[Black "Szalay, Janos L"]
[Result "0-1"]
[WhiteElo "1553"]
[BlackElo "1699"]
[PlyCount "94"]
[EventDate "2015.04.04"]
[EventType "tourn"]
[EventRounds "9"]
[EventCountry "HUN"]
[SourceTitle "CBM 165 Extra"]
[Source "ChessBase"]
[SourceDate "2015.04.21"]
[SourceVersion "1"]
[SourceVersionDate "2015.04.21"]
[SourceQuality "1"]

1. c4 c6 2. d4 d5 3. cxd5 cxd5 4. Nc3 a6 5. a3 Nc6 6. Nf3 e6 7. Bf4 Be7 8. e3 Nf6 9. h3 b5 10. Ne5 Nxe5 11. Bxe5 0-0 12. Bd3 b4 13. Bxf6 bxc3 14. Bxe7 Qxe7 15. bxc3 e5 16. Qb3 e4 17. Be2 Be6 18. c4 Rab8 19. Qa2 Qg5 20. g3 Rfc8 21. c5 Rc6 22. h4 Qf6 23. 0-0 g5 24. hxg5 Qxg5 25. Kg2 Rd8 26. Rh1 Bg4 27. Rh4 Bxe2 28. Qxe2 Rg6 29. Rah1 h6 30. Rh5 Qf6 31. Rb1 a5 32. Rb6 Qg7 33. Rb5 Rf6 34. Rxa5 Rf3 35. Ra6 Qg4 36. Rh3 Kf8 37. Raxh6 Rxg3+ 38. Rxg3 Qxe2 39. c6 Ke7 40. c7 Rc8 41. Rc6 Kd7 42. Rc5 Qh5 43. Rh3 Qf5 44. a4 Rxc7 45. Rxc7+ Kxc7 46. Kf1 Qxh3+ 47. Ke2 f5 0-1

[Event "Budapest FS04 FM"]
[Site "Budapest"]
[Date "2015.04.05"]
[Round "2"]
[White "Szlenka, Attila"]
[Black "Dzhagraeva, Anaid"]
[Result "1-0"]
[WhiteElo "1811"]
[BlackElo "1553"]
[PlyCount "95"]
[EventDate "2015.04.04"]
[EventType "tourn"]
[EventRounds "9"]
[EventCountry "HUN"]
[SourceTitle "CBM 165 Extra"]
[Source "ChessBase"]
[SourceDate "2015.04.21"]
[SourceVersion "1"]
[SourceVersionDate "2015.04.21"]
[SourceQuality "1"]

1. c4 c6 2. Nc3 d5 3. cxd5 cxd5 4. Nf3 Nf6 5. g3 Bf5 6. Bg2 e6 7. 0-0 Bd6 8. d3 h6 9. Qb3 b6 10. Nd4 Bg6 11. Qb5+ Qd7 12. e4 Qxb5 13. Ndxb5 Kd7 14. exd5 e5 15. Nxd6 Kxd6 16. d4 Nbd7 17. dxe5+ Kxe5 18. Bf4+ Kf5 19. Bh3+ Ng4 20. f3 Kf6 21. fxg4 Ke7 22. Rfe1+ Kd8 23. d6 Re8 24. Rxe8+ Kxe8 25. Nd5 Kf8 26. Nc7 Rd8 27. Re1 Kg8 28. g5 hxg5 29. Bxg5 f6 30. Bf4 Nc5 31. Bf1 Bf5 32. Bc4+ Kh7 33. Re8 Rxe8 34. Nxe8 Bd7 35. Nc7 a5 36. a3 Kg6 37. b4 axb4 38. axb4 Ne4 39. Be6 Bc6 40. d7 Bxd7 41. Bxd7 f5 42. Nd5 Nf6 43. Nxb6 Ne4 44. Nd5 Nf6 45. Bc6 Nxd5 46. Bxd5 Kf6 47. Bd6 g6 48. b5 1-0